000 00520nam a2200169 4500
999 _c4267
_d4267
008 160903b xxu||||| |||| 00| 0 eng d
022 _a2094-8042
082 _aDPer 370.105 M72 Jan-Dec 2012 v59-60
100 _913977
_aSoriano, Edna R.
243 _aThe modern teacher
245 _aWatawat sa tagdan/
_cEdna R. Soriano.
260 _aPhilippines:
_bIn the Grade School, Inc.,
_c©2012.
300 _av61 n1, page 35;
_c28 cm.
500 _aThe Modern Teacher.
650 0 _913978
_aPoetry.
942 _2ddc
_cPER